Loading...

Atoms and molecules, by Roger Harrison eng /

Bibliographic Details
Corporate Author: Open University, Technology Foundation Course Team
Language:Undetermined
Published: Open University Press , 1972.
Subjects:
LEADER 00545nam a2200157Ia 4500
001 19377
008 170722s9999 xx 000 0 und d
110 |a Open University, Technology Foundation Course Team 
245 |a Atoms and molecules, by Roger Harrison eng / 
260 |b Open University Press ,  |c 1972. 
300 |a 68 p.  |c 28cms 
653 |a Atomic Physics 
653 |a Physics 
942 |c GEN 
999 |c 94963  |d 94963 
952 |0 0  |1 0  |4 0  |6 C_9B2_C_6_000000000000000_L21  |7 0  |9 133179  |a LIB  |b LIB  |d 2013-03-25  |o C9B2, C 6 L21  |p 174127  |r 2017-08-12  |w 2017-08-12  |y GEN